00467nam a2200133Ia 4500008004100000020001800041041000800059082001600067100005600083245011800139260003300257300001200290650003100302210716s2007 xx 000 0 und d a9788126508662 aeng a003.54 RAIR aRainer, R Kelly; Turban, Efraim; Potter, Richard E. aIntroduction to information systems: supporting and transforming business.bSupporting and transforming business. aNew DelhibWiley Indiac2007 aXIV,411 aInformation Theory(003.54)